1921 1462 1651 1092 1091 1401 1098 1714 1321 1238 1068 1012 1956 1601 1530 1274 1061 1430 1435 1700 1140 1126 1894 1430 1832 1961 1068 1481 1206 1365 1923 1188 1375 1695 1141 1338 1494 1521 1303 1602 1619 1035 1536 1710 1599 1479 1715 1504 1285 1901 1593 1709 1702 1476 1180 1140 1641 1486 1694 1919 1271 1814 1064 1075 1518 1777 1214 1199 1715 1922 1753 1695 1239 1571 1377 1225 1887 1635 1358 1301 1687 1987 1563 1819 1861 1172 1803 1006 1047 1975 1066 1073 1240 1905 1419 1474 1283 1007 1647 BCNSPRNW ULIB Ver.6.0+V

เปลี่ยนเป็นภาษาไทย

Change to English
 แสดงรายละเอียดบรรณานุกรม
  กลับหน้าหลัก

Brief Record : Get Marc (ISO 2709) : E-mail record : QR code < ปิดหน้าต่าง
LEADER : 00000nam 2200000uu 4500
001    13399127853
003     ULIB
008    211018s2563||||th 000 0 tha d
020    ^a9786160448791
060 04 ^aWS103^bย112ค
100 0  ^aยะซึมิ,คะสึโอะ
245 10 ^aคู่มือดูแลเด็ก 3-5 ปีตามพัฒนาการ / ^cผู้เขียน Katsuo Yasumi ; ผู้แปล นงนุช เอี่ยมกระสินธุ์
250    ^aพิมพ์ครั้งที่ 1
260    ^aกรุงเทพฯ :^bนามมีบุ๊คส์,^c2563
300    ^a128 หน้า :^bภาพประกอบ ;^c21 ซม.
505 0  ^aสารบัญ : บทที่ 1 เด็ก ๆ ที่เริ่มเข้าโรงเรียนและเลื่อนชั้น -- บทที่ 2 ปฏิสัมพันธ์เพื่อเชื่อมโยงเด็กๆ เข้าด้วยกัน --บทที่ 3 สนุกกับฤดูร้อน -- บทที่ 4 เข้าใจความรู้สึกของเด็กเพื่อให้ดูแลเด็กได้อย่างเต็มความสามารถ -- บทที่ 5 ปฏิสัมพันธ์ที่ให้ความสำคัญกับการสร้างตัวตน -- บทที่ 6 การเตรียมตัวเพื่อเลื่อนชั้นและขึ้นชั้นประถม
520 2  ^aสาระสังเขป : หนังสือคู่มือครูที่รวบรวมวิธีการและเทคนิคการดูแลเด็ก 3-5 ปีไว้ โดยคำนึงถึงพัฒนาการเด็กในแต่ละช่วงวัยเป็นสำคัญ คุณครูและผู้ดูแลเด็ก สามารถนำไปปรับใช้ได้อย่างเหมาะสม เช่น เทคนิคการปรับอารมณ์เด็กอย่างรวดเร็ว เทคนิคครูกับผู้ปกครองคุยกันอย่างสนิทสนม เทคนิคกระตุ้นความอยากรู้อยากเห็นของเด็ก ๆ เป็นต้น มีกรณีศึกษาต่าง ๆ ที่พบบ่อยในโรงเรียนและแนะนำวิธีดูแลเด็กอย่างเหมาะสม มีภาพประกอบเป็นการ์ตูนที่มีความน่าสนใจและช่วยทำให้เข้าใจในกรณีศึกษามากขึ้น
650 07 ^aเด็ก^xการดูแล
700 0  ^aนงนุช เอี่ยมกระสินธุ์,^eผู้แปล
945    ^p175^l0^i008349
945    ^p175^l0^i008350
945    ^p175^l0^i008351
945    ^p175^l0^i008352
945    ^p175^l0^i008353
999    ^aประนอม เกษจรัล
รายการนี้ยังไม่มีแท็ก
คุณยังไม่ได้ล็อกอิน คุณสามารถมีกิจกรรมร่วมกับเว็บไซต์ได้ แต่ต้องล็อกอินก่อน ::
  ล็อกอิน

รายการสื่อสารสนเทศ

ลำดับที่ ประเภท เลขเรียก/บาร์โค้ด สถานที่ สถานะ
1. วิทยาศาสตร์การแพทย์ และสุขภาพ
หนังสือสำรอง
สถานะ=หนังสือสำรอง
WS103 ย112ค ฉ.1 
  Barcode: 008349
ห้องสมุดวิทยาเขตสวรรค์ประชารักษ์
►หนังสือทั่วไป
บนชั้น
2. วิทยาศาสตร์การแพทย์ และสุขภาพ
วิทยาศาสตร์การแพทย์ และสุขภาพ
WS103 ย112ค ฉ.2 
  Barcode: 008350
ห้องสมุดวิทยาเขตสวรรค์ประชารักษ์
►หนังสือทั่วไป
บนชั้น
3. วิทยาศาสตร์การแพทย์ และสุขภาพ
วิทยาศาสตร์การแพทย์ และสุขภาพ
WS103 ย112ค ฉ.3 
  Barcode: 008351
ห้องสมุดวิทยาเขตสวรรค์ประชารักษ์
►หนังสือทั่วไป
บนชั้น
4. วิทยาศาสตร์การแพทย์ และสุขภาพ
วิทยาศาสตร์การแพทย์ และสุขภาพ
WS103 ย112ค ฉ.4 
  Barcode: 008352
ห้องสมุดวิทยาเขตสวรรค์ประชารักษ์
►หนังสือทั่วไป
บนชั้น
5. วิทยาศาสตร์การแพทย์ และสุขภาพ
วิทยาศาสตร์การแพทย์ และสุขภาพ
WS103 ย112ค ฉ.5 
  Barcode: 008353
ห้องสมุดวิทยาเขตสวรรค์ประชารักษ์
►หนังสือทั่วไป
บนชั้น

รายการใกล้เคียง
    ผู้แต่ง [ยะซึมิ,คะสึโอะ]

    หัวเรื่อง [เด็ก การดูแล]

BibComment


ยังไม่เคยถูกคอมเมนท์

คอมเมนท์ทรัพยากรรายการนี้
  คอมเมนท์: คู่มือดูแลเด็ก 3..


 Copyright 2026. Bcnsprnw @Library